New perspectives on HTML and XHTML : (Record no. 1521)
[ view plain ]
| 000 -LEADER | |
|---|---|
| fixed length control field | 01707cam a2200541Ia 4500 |
| 003 - CONTROL NUMBER IDENTIFIER | |
| control field | OSt |
| 005 - DATE AND TIME OF LATEST TRANSACTION | |
| control field | 20210628104407.0 |
| 008 - FIXED-LENGTH DATA ELEMENTS--GENERAL INFORMATION | |
| fixed length control field | 041129s2005 at a 001 0 eng |
| 020 ## - INTERNATIONAL STANDARD BOOK NUMBER | |
| International Standard Book Number | 061926747X (pbk.) |
| 029 1# - OTHER SYSTEM CONTROL NUMBER (OCLC) | |
| OCLC library identifier | NLGGC |
| System control number | 265336023 |
| 040 ## - CATALOGING SOURCE | |
| Transcribing agency | JSD |
| 049 ## - LOCAL HOLDINGS (OCLC) | |
| Holding library | MYGG |
| 050 #4 - LIBRARY OF CONGRESS CALL NUMBER | |
| Classification number | QA76.76 |
| Item number | .H94C374 2005 |
| 100 1# - MAIN ENTRY--PERSONAL NAME | |
| Personal name | Carey, Patrick, |
| Dates associated with a name | 1961- |
| 245 10 - TITLE STATEMENT | |
| Title | New perspectives on HTML and XHTML : |
| Remainder of title | comprehensive / |
| Statement of responsibility, etc. | Patrick Carey. |
| 250 ## - EDITION STATEMENT | |
| Edition statement | 4th ed. |
| 260 ## - PUBLICATION, DISTRIBUTION, ETC. | |
| Place of publication, distribution, etc. | Australia ; |
| -- | Boston, Mass. : |
| Name of publisher, distributor, etc. | Thomson Course Technology, |
| Date of publication, distribution, etc. | c2005. |
| 300 ## - PHYSICAL DESCRIPTION | |
| Extent | 1 v. (various pagings) : |
| Other physical details | col. ill. ; |
| Dimensions | 28 cm. |
| 336 ## - CONTENT TYPE | |
| Content type term | text |
| Content type code | txt |
| Source | rdacontent |
| 337 ## - MEDIA TYPE | |
| Media type term | unmediated |
| Media type code | n |
| Source | rdamedia |
| 338 ## - CARRIER TYPE | |
| Carrier type term | volume |
| Carrier type code | nc |
| Source | rdacarrier |
| 500 ## - GENERAL NOTE | |
| General note | Previous ed.: 2003. |
| 500 ## - GENERAL NOTE | |
| General note | Includes index. |
| 650 #0 - SUBJECT ADDED ENTRY--TOPICAL TERM | |
| Topical term or geographic name entry element | HTML (Document markup language) |
| 650 #0 - SUBJECT ADDED ENTRY--TOPICAL TERM | |
| Topical term or geographic name entry element | XHTML (Document markup language) |
| 650 #0 - SUBJECT ADDED ENTRY--TOPICAL TERM | |
| Topical term or geographic name entry element | Web publishing. |
| 650 #0 - SUBJECT ADDED ENTRY--TOPICAL TERM | |
| Topical term or geographic name entry element | World Wide Web. |
| 650 #0 - SUBJECT ADDED ENTRY--TOPICAL TERM | |
| Topical term or geographic name entry element | Web sites |
| General subdivision | Design. |
| 910 ## - USER-OPTION DATA (OCLC) | |
| User-option data | gat060629 |
| 910 ## - USER-OPTION DATA (OCLC) | |
| User-option data | MARCIVEAUT |
| 910 ## - USER-OPTION DATA (OCLC) | |
| User-option data | gat060629 |
| 910 ## - USER-OPTION DATA (OCLC) | |
| User-option data | depgy-nooclc210609 |
| 942 ## - ADDED ENTRY ELEMENTS (KOHA) | |
| Source of classification or shelving scheme | |
| Koha item type | Book |
| Suppress in OPAC | JE |
| 946 ## - LOCAL PROCESSING INFORMATION (OCLC) | |
| m | unpiggy-tang |
| 949 #0 - LOCAL PROCESSING INFORMATION (OCLC) | |
| 4 | IP |
| a | e |
| b | ENG |
| c | STACK |
| o | 0 |
| p | 39080027992004 |
| x | 01 |
| h | QA76.76 .H94.C374 2005 |
| Withdrawn status | Lost status | Source of classification or shelving scheme | Damaged status | Not for loan | Permanent Location | Current Location | Shelving location | Date acquired | Total Checkouts | Full call number | Barcode | Date last seen | Date last checked out | Price effective from | Koha item type | Public note |
|---|---|---|---|---|---|---|---|---|---|---|---|---|---|---|---|---|
| AU LIBRARY | AU LIBRARY | Open Shelf | 28.06.2021 | 1 | QA76.76 .H94C374 2005 | 28003167 | 02.11.2023 | 23.10.2023 | 28.06.2021 | Book | JE |